| 000 | 01293nam a22003617a 4500 | ||
|---|---|---|---|
| 001 | 214 | ||
| 003 | FISKH | ||
| 005 | 20230306135409.0 | ||
| 008 | 230306b cb ||||| |||| 00| 0 eng d | ||
| 040 |
_aDLC _cDLC _dDLC _dFISKH _beng |
||
| 041 | 1 |
_aeng _hger |
|
| 042 | _alcac | ||
| 050 | 0 | 0 |
_aPZ8.2.W35 _bLi 2000 |
| 082 | 0 | 0 |
_a398.24/529757 _a[E] _221 |
| 100 | 1 | _aWatts, Bernadette. | |
| 240 | 1 | 0 |
_aLöwe und die Maus. _lEnglish |
| 245 | 1 | 4 |
_aThe lion and the mouse : _ban Aesop fable / _cretold and illustrated by Bernadette Watts. |
| 260 |
_aNew York : _bScholastic _c2001 |
||
| 300 |
_a16 leaves of plates _bill. (all col.) ; _c29 cm. |
||
| 500 | _a"First published in Switzerland under the title Der Lowe und die Maus"--copyright page. | ||
| 504 | _aK | ||
| 520 | _aA tiny mouse helps a mighty lion, who had once showed him mercy, escape from a trap. | ||
| 521 | 8 |
_a540 _bLexile |
|
| 521 | 8 |
_aK _bRaz-Plus |
|
| 521 | 8 | _aAD | |
| 650 | 1 | _aFables. | |
| 650 | 1 | _aFolklore. | |
| 700 | 0 | _aAesop. | |
| 856 | 4 | 2 |
_3Contributor biographical information _uhttp://www.loc.gov/catdir/enhancements/fy0915/99056634-b.html |
| 856 | 4 | 2 |
_3Publisher description _uhttp://www.loc.gov/catdir/enhancements/fy0915/99056634-d.html |
| 906 |
_a7 _bcbc _corignew _d1 _eocip _f19 _gy-gencatlg |
||
| 942 |
_2ddc _cBK _n0 |
||
| 999 |
_c214 _d214 |
||